Repair, Rehabilitation, and Maintenance of Concrete Structures and Innovations in Design and Construction : Proceedings: Fourth International Conference (Record no. 845)
[ view plain ]
| 000 -LEADER | |
|---|---|
| fixed length control field | 00438 a2200097 4500 |
| 082 ## - DEWEY DECIMAL CLASSIFICATION NUMBER | |
| Classification number | 620.136 ACI |
| 100 ## - MAIN ENTRY--PERSONAL NAME | |
| Personal name | Malhotra, V. M. |
| 245 ## - TITLE STATEMENT | |
| Title | Repair, Rehabilitation, and Maintenance of Concrete Structures and Innovations in Design and Construction : Proceedings: Fourth International Conference |
| Statement of responsibility, etc. | Editor V. M. Malhotra |
| 260 ## - PUBLICATION, DISTRIBUTION, ETC. | |
| Place of publication, distribution, etc. | Michigan : |
| Name of publisher, distributor, etc. | American Concrete Institute, |
| Date of publication, distribution, etc. | 2000 |
| 300 ## - PHYSICAL DESCRIPTION | |
| Extent | ix, 1096p. : |
| Other physical details | ill. ; |
| Dimensions | 23 cm |
| 650 ## - SUBJECT ADDED ENTRY--TOPICAL TERM | |
| Topical term or geographic name entry element | Rehabilitation - concrete structures |
| Withdrawn status | Lost status | Damaged status | Not for loan | Permanent Location | Current Location | Shelving location | Date acquired | Total Checkouts | Full call number | Barcode | Date last seen | Price effective from | Koha item type |
|---|---|---|---|---|---|---|---|---|---|---|---|---|---|
| School of Civil and Environmental Engineering (SCEE) | School of Civil and Environmental Engineering (SCEE) | 620.136 ACI | NIT-714 | 01/05/2017 | 01/05/2017 | Book |
